MARC details
| 000 -CABECERA |
| campo de control de longitud fija |
01166cam a2200277 a 4500 |
| 001 - NÚMERO DE CONTROL |
| campo de control |
000006629 |
| 005 - FECHA Y HORA DE LA ÚLTIMA TRANSACCIÓN |
| campo de control |
20200929153948.0 |
| 008 - DATOS DE LONGITUD FIJA--INFORMACIÓN GENERAL |
| campo de control de longitud fija |
890725s1987 ck a b 001 0cspa |
| 040 ## - FUENTE DE LA CATALOGACIÓN |
| Centro catalogador/agencia de origen |
DO-SdBNP |
| Lengua de catalogación |
spa |
| Centro/agencia transcriptor |
LC |
| Centro/agencia modificador |
BNPHU |
| 082 ## - NÚMERO DE LA CLASIFICACIÓN DECIMAL DEWEY |
| Número de clasificación |
C866.3 |
| Número de documento/Ítem |
I59e, 1987 |
| 049 ## - FONDOS LOCALES (OCLC) |
| Fondos de biblioteca |
BNGR |
| 110 2# - ENTRADA PRINCIPAL--NOMBRE DE ENTIDAD CORPORATIVA |
| Nombre de entidad corporativa o nombre de jurisdicción como elemento de entrada |
Instituto Caro y Cuervo |
| 9 (RLIN) |
18393 |
| 245 10 - MENCIÓN DE TÍTULO |
| Título |
Epistolario de Rufino José Cuervo con Alfred Morel-Fatio, Gastón París y otros hispanistas de lengua francesa / |
| Mención de responsabilidad, etc. |
edición, introducción y notas de Mario Germán Romero. |
| 260 ## - PUBLICACIÓN, DISTRIBUCIÓN, ETC. |
| Lugar de publicación, distribución, etc. |
Bogotá : |
| Nombre del editor, distribuidor, etc. |
Instituto Caro y Cuervo, |
| Fecha de publicación, distribución, etc. |
1987. |
| 300 ## - DESCRIPCIÓN FÍSICA |
| Extensión |
xii, 389 p. : |
| Otras características físicas |
il. ; |
| Dimensiones |
24 cm. |
| 490 1# - MENCIÓN DE SERIE |
| Mención de serie |
Archivo Epistolar Colombiano, |
| Designación de volumen o secuencia |
19 |
| 600 10 - PUNTO DE ACCESO ADICIONAL DE MATERIA--NOMBRE DE PERSONA |
| Nombre de persona |
CUERVO, RUFINO JOSÉ, |
| Fechas asociadas al nombre |
1844-1911 |
| Subdivisión general |
CORRESPONDENCIA |
| 9 (RLIN) |
18380 |
| 650 #4 - PUNTO DE ACCESO ADICIONAL DE MATERIA--TÉRMINO DE MATERIA |
| Término de materia o nombre geográfico como elemento de entrada |
Filólogo |
| 9 (RLIN) |
18398 |
| 650 #4 - PUNTO DE ACCESO ADICIONAL DE MATERIA--TÉRMINO DE MATERIA |
| Término de materia o nombre geográfico como elemento de entrada |
Autores colombianos |
| Subdivisión cronológica |
SIGLO XIX |
| Subdivisión general |
Correspondencia |
| 9 (RLIN) |
18381 |
| 650 #4 - PUNTO DE ACCESO ADICIONAL DE MATERIA--TÉRMINO DE MATERIA |
| Término de materia o nombre geográfico como elemento de entrada |
Autores franceses |
| Subdivisión general |
Corespondencia, memorias, etc. |
| 9 (RLIN) |
18399 |
| 700 1# - PUNTO DE ACCESO ADICIONAL--NOMBRE DE PERSONA |
| Nombre de persona |
Morel-Fatio, Alfred, |
| Fechas asociadas al nombre |
1850-1924. |
| 9 (RLIN) |
18400 |
| 700 1# - PUNTO DE ACCESO ADICIONAL--NOMBRE DE PERSONA |
| Nombre de persona |
Paris, Gaston Bruno Paulin, |
| Fechas asociadas al nombre |
1839-1903. |
| 9 (RLIN) |
18401 |
| 700 1# - PUNTO DE ACCESO ADICIONAL--NOMBRE DE PERSONA |
| Nombre de persona |
Romero, Mario Germán, |
| Término indicativo de función/relación |
ed. |
| 9 (RLIN) |
18394 |
| 830 #0 - PUNTO DE ACCESO ADICIONAL DE SERIE-TÍTULO UNIFORME |
| Título uniforme |
Archivo Epistolar Colombiano, |
| Designación de volumen o secuencia |
19 |
| 9 (RLIN) |
18385 |
| 910 ## - DATOS DE OPCIÓN DEL USUARIO (OCLC) |
| Datos de opción del usuario |
Catalogación por copia / LC |